|
|
|
|
| LEADER |
01512nam a2200409 a 4500 |
| 001 |
EBC489456 |
| 003 |
MiAaPQ |
| 005 |
20200520144314.0 |
| 006 |
m o d | |
| 007 |
cr cn||||||||| |
| 008 |
080328s2008 ne a sb 001 0 eng |
| 010 |
|
|
|z 2008014030
|
| 015 |
|
|
|a GBA859959
|2 bnb
|
| 016 |
7 |
|
|z 014596702
|2 Uk
|
| 020 |
|
|
|z 9789004167926 (hardback : alk. paper)
|
| 020 |
|
|
|z 9004167927 (hardback : alk. paper)
|
| 035 |
|
|
|a (MiAaPQ)EBC489456
|
| 035 |
|
|
|a (Au-PeEL)EBL489456
|
| 035 |
|
|
|a (CaPaEBR)ebr10372789
|
| 035 |
|
|
|a (CaONFJC)MIL260311
|
| 035 |
|
|
|a (OCoLC)593316335
|
| 040 |
|
|
|a MiAaPQ
|c MiAaPQ
|d MiAaPQ
|
| 043 |
|
|
|a a-tu---
|a e------
|
| 050 |
|
4 |
|a HC492
|b .N37 2008
|
| 082 |
0 |
4 |
|a 330.9561/02
|2 22
|
| 100 |
1 |
|
|a Nas, Tevfik F.
|
| 245 |
1 |
0 |
|a Tracing the economic transformation of Turkey from the 1920s to EU accession
|h [electronic resource] /
|c by Tevfik Nas.
|
| 260 |
|
|
|a Leiden ;
|a Boston :
|b Martinus Nijhoff,
|c 2008.
|
| 300 |
|
|
|a x, 199 p. :
|b ill.
|
| 504 |
|
|
|a Includes bibliographical references (p. [185]-192) and index.
|
| 533 |
|
|
|a Electronic reproduction. Ann Arbor, MI : ProQuest, 2015. Available via World Wide Web. Access may be limited to ProQuest affiliated libraries.
|
| 610 |
2 |
0 |
|a European Union
|z Turkey.
|
| 651 |
|
0 |
|a Turkey
|x Economic policy.
|
| 651 |
|
0 |
|a Turkey
|x Politics and government.
|
| 655 |
|
4 |
|a Electronic books.
|
| 710 |
2 |
|
|a ProQuest (Firm)
|
| 856 |
4 |
0 |
|u https://ebookcentral.proquest.com/lib/matrademy/detail.action?docID=489456
|z Click to View
|